000
00318nam a2200157Ia 4500
100
_a
Haykin/ Simon
250
_a
3
942
_c
BK
654
_a
communication systems
245
_a
Communication Systems
260
_b
Wiley
_c
1995
082
_a
621.382
_b
HAY
300
_a
872
546
_a
ENGLISH
999
_c
33621
_d
33621